|
|
|
|
| LEADER |
01303nam a2200337 a 4500 |
| 001 |
3675 |
| 003 |
BD-DhAAL |
| 005 |
20150913114000.0 |
| 008 |
150913s2003 bg a bs 001 0 eng |
| 010 |
|
|
|a 2004327057
|
| 020 |
|
|
|a 9843207548
|
| 040 |
|
|
|a DLC
|c DLC
|d BD-DhAA
|
| 050 |
0 |
0 |
|a LC46.8.B3
|b A35 2002
|
| 082 |
|
|
|a 374/.012/095492
|
| 100 |
1 |
|
|a Ahmed, Manzoor,
|d 1940-
|9 14589
|
| 245 |
1 |
0 |
|a Literacy in Bangladesh, need for a new vision /
|c Manzoor Ahmed, Samir R. Nath, Kazi Saleh Ahmed.
|
| 260 |
|
|
|a Dhaka :
|b Campaign for Pupular Education,
|c 2003.
|
| 300 |
|
|
|a xxx, 142 p. :
|b col. ill. ;
|c 29 cm.
|
| 500 |
|
|
|a "Education Watch 2002."
|
| 500 |
|
|
|a Includes statistical tables.
|
| 504 |
|
|
|a Includes bibliographical references (p. [61]-63) and index.
|
| 541 |
|
|
|e 3675
|
| 650 |
|
0 |
|a Non-formal education
|z Bangladesh.
|9 14590
|
| 650 |
|
0 |
|a Education, Elementary
|z Bangladesh.
|9 14591
|
| 700 |
1 |
|
|a Nath, Samir R.
|9 14592
|
| 700 |
1 |
|
|a Ahmed, Kazi Saleh.
|9 14593
|
| 710 |
2 |
|
|a Campaign for Popular Education (Organization)
|9 8841
|
| 710 |
2 |
|
|a Education Watch Project (Bangladesh)
|9 8840
|
| 942 |
|
|
|2 ddc
|c BK
|
| 999 |
|
|
|c 35514
|d 35514
|
| 952 |
|
|
|0 0
|1 0
|2 ddc
|4 0
|6 374_000000000000000__012_095492_AHM
|7 0
|9 55859
|a SCL
|b SCL
|c GEN
|d 2015-09-13
|l 0
|o 374.012095492 AHM
|p 3020003675
|r 2022-06-25
|t 1
|w 2015-09-13
|y BK
|